00649nam a22001455i 4500001000700000003000900007005001700016008004100033040002000074100003000094245010600124260007200230300002200302852017900324156357ES-MaACL20230906210406.0040730s1856 sp |||| | spa d aCAM bspa cCAM1 aJiménez Placer, Carlos.13aEl último suspiro b: drama en cuatro actos y en verso / corijinal [sic] de Carlos Jimenez Placer. aSevilla : b[s.n.], c1856 (fJuan Moyano impresor y encuadernador) a100 p. ; c19 cm. aES-MaACLjF-8553(7) z-- Enc. pasta española q-- Falto de la cub. originalz-- Enc. en un vol. facticio formando parte de la col. facticia "Teatro español moderno", v. 5